| 000 | 01152nam a2200325 i 4500 | ||
|---|---|---|---|
| 003 | DO-SdBNP | ||
| 005 | 20250808094540.0 | ||
| 007 | ta | ||
| 008 | 250808e2012 dr ||||fr ||| 00| 0 spa d | ||
| 040 |
_aDO-SdBNP _bspa _cBNPHU _erda |
||
| 041 | _aspa | ||
| 082 | 4 |
_a378.1012 _bU58g _222 |
|
| 110 | 1 |
_cUniversidad Dominicana O&M _979861 |
|
| 245 | 1 | 0 |
_a76º Septuagésimo sexto graduación ordinaria : _bsede central / |
| 246 | 0 | 4 |
_aLXXVI graduación ordinaria : _bsede central / |
| 264 |
_aSanto Domingo : _bO&M, _c2012. |
||
| 300 |
_a52 páginas ; _c22 cm. |
||
| 336 |
_atexto _btxt _2rdacontent |
||
| 337 |
_asin mediación _bn _2rdamedia |
||
| 338 |
_avolumen _bnc _2rdacarrier |
||
| 500 | _aGraduación realizada el 27 de julio del 2012, a las 11:00 a.m. en el pabellón de voleibol (Centro Olímpico) | ||
| 590 | _aInventariado 2025 / YL | ||
| 610 | 2 | 4 |
_aUniversidad Dominicana O&M _981656 |
| 650 | 4 |
_aTítulos académicos _981657 |
|
| 650 | 4 |
_aEgresados universitarios _981658 |
|
| 650 | 4 |
_aEducación superior _zRepública Dominicana |
|
| 650 | 4 |
_aUniversidades _zRepública Dominicana _9729 |
|
| 910 | _aYLockward | ||
| 942 |
_2ddc _cLBS1 |
||
| 999 |
_c59737 _d59737 |
||